[Event "World Blitz 2025"]
[Site "Doha QAT"]
[Date "2025.12.30"]
[Round "15.87"]
[White "Grebnev, Aleksey"]
[Black "Suleymenov, Alisher"]
[Result "1-0"]
[WhiteTitle "GM"]
[BlackTitle "GM"]
[WhiteElo "2632"]
[BlackElo "2505"]
[WhiteFideId "34189030"]
[BlackFideId "13707833"]
[EventDate "2025.12.29"]

1. Nf3 Nf6 2. b3 d5 3. Bb2 Bf5 4. d3 e6 5. Nbd2 h6 6. g3 Be7 7. Bg2 O-O 8. O-O
c6 9. Re1 a5 10. a3 Bh7 11. e4 Nbd7 12. Qe2 c5 13. a4 d4 14. Nc4 Qc7 15. Bc1 e5
16. Nh4 Rfe8 17. Nf5 Bf8 18. Bd2 Nb8 19. Qf3 Ra6 20. Kh1 Bg6 21. h3 Nh7 22. Nh4
Ree6 23. Nxg6 Rxg6 24. Rg1 Rgf6 25. Qe2 Nc6 26. f4 Re6 27. h4 Re8 28. Raf1 exf4
29. gxf4 f5 30. e5 Nb4 31. Bxb4 cxb4 32. Bd5+ Kh8 33. Qf3 Rb8 34. Rg2 b5 35.
axb5 Rxb5 36. Rfg1 Qd8 37. Bc6 Rc5 38. Bb7 Re6 39. h5 Re8 40. Qh3 Qd7 41. Be4
Qf7 42. Bxf5 Rd8 43. Qg4 a4 44. bxa4 Ra8 45. Qg6 Qg8 46. Be6 1-0

[Event "World Blitz 2025"]
[Site "Doha QAT"]
[Date "2025.12.30"]
[Round "15.88"]
[White "Sahidi, Samir"]
[Black "Le, Tuan Minh"]
[Result "0-1"]
[WhiteTitle "IM"]
[BlackTitle "GM"]
[WhiteElo "2516"]
[BlackElo "2598"]
[WhiteFideId "14936372"]
[BlackFideId "12401153"]
[EventDate "2025.12.29"]

1. e4 e5 2. Nf3 Nc6 3. Bb5 a6 4. Ba4 Bc5 5. O-O Nge7 6. c3 Ng6 7. d4 Ba7 8. Bg5
f6 9. Be3 O-O 10. Nbd2 Kh8 11. Re1 d6 12. h3 exd4 13. Nxd4 Nxd4 14. Bxd4 Bxd4
15. cxd4 f5 16. e5 b5 17. Bb3 dxe5 18. dxe5 Bb7 19. Nf3 Qe7 20. Qe2 c5 21. Rad1
Rae8 22. Qe3 c4 23. Bc2 Bxf3 24. Qxf3 Nxe5 25. Qd5 Qf6 26. Kh1 g6 27. Qd4 Kg7
28. a4 bxa4 29. Bxa4 Nd3 30. Qd7+ Kh6 31. Rxe8 Rxe8 32. Qxe8 Nxf2+ 33. Kg1 Nxd1
34. Bxd1 Qd4+ 35. Kh2 Qd6+ 36. g3 Qxd1 37. Qe3+ Kh5 38. g4+ fxg4 39. Qe5+ g5 40.
Qe8+ Kh6 41. Qf8+ Kg6 42. Qg8+ Kf6 43. Qf8+ Ke5 44. Qe7+ Kf4 45. Qf6+ Ke4 46.
Qe6+ Kf4 47. Qxc4+ Ke3 48. Qe6+ Kf2 49. Qf5+ Qf3 50. Qc5+ Qe3 51. Qc2+ Qe2 52.
Qf5+ Ke3+ 53. Kg3 Qf3+ 0-1

[Event "World Blitz 2025"]
[Site "Doha QAT"]
[Date "2025.12.30"]
[Round "15.89"]
[White "Morris, James"]
[Black "Mitrabha, Guha"]
[Result "0-1"]
[WhiteTitle "IM"]
[BlackTitle "GM"]
[WhiteElo "2422"]
[BlackElo "2508"]
[WhiteFideId "3205800"]
[BlackFideId "5057000"]
[EventDate "2025.12.29"]

1. e4 c6 2. d4 d5 3. exd5 cxd5 4. Bd3 Nc6 5. c3 Qc7 6. h3 Nf6 7. Nf3 g6 8. Qc2
Bg7 9. O-O O-O 10. Re1 a6 11. a4 Bd7 12. Bg5 Rac8 13. Nbd2 Rfe8 14. Qb3 Na5 15.
Qa3 Nc6 16. Qb3 e6 17. Ne5 h6 18. Bf4 Nxe5 19. dxe5 Nh7 20. Nf3 Rb8 21. a5 b5
22. axb6 Rxb6 23. Qc2 Qb7 24. Ra2 a5 25. h4 Bb5 26. Rxa5 Bxd3 27. Qxd3 Rxb2 28.
Rea1 Rb8 29. Kh2 Rxf2 30. Bg3 Rb2 31. Nd4 Qc7 32. Ra7 R2b7 33. Nb5 Qb6 34. Rxb7
Qxb7 35. Nd6 Qc7 36. Rf1 Rf8 37. Rb1 g5 38. h5 Qd8 39. Rb7 g4 40. Rxf7 Rxf7 41.
Nxf7 Kxf7 42. Qg6+ Kg8 43. Qxe6+ Kh8 44. Qxg4 Ng5 45. Bf4 Qe7 46. Qf5 Ne6 47. g3
Kg8 48. Kg2 Qf7 49. Qg4 Qd7 50. Qg6 Qf7 51. Qg4 Kh8 52. Qf3 Nc5 53. Qg4 Qe6 54.
Qh4 Ne4 55. Qd8+ Kh7 56. Qc7 Ng5 57. Qd8 Nf7 58. Qc7 Nxe5 59. Bxe5 Qxe5 60. Qf7
Qe4+ 61. Kh2 Qc2+ 62. Kh3 Qd3 63. Kh2 Qe4 64. Kh3 Qe5 65. Kh2 Kh8 66. Kh3 Qd6
67. g4 Qe5 68. Kg2 Qe4+ 69. Kh3 Qe3+ 70. Kg2 Qd2+ 0-1

[Event "World Blitz 2025"]
[Site "Doha QAT"]
[Date "2025.12.30"]
[Round "15.90"]
[White "Karthik, Venkataraman"]
[Black "Amin, Bassem"]
[Result "0-1"]
[WhiteTitle "GM"]
[BlackTitle "GM"]
[WhiteElo "2589"]
[BlackElo "2626"]
[WhiteFideId "25006479"]
[BlackFideId "10601457"]
[EventDate "2025.12.29"]

1. e4 e5 2. Nf3 Nc6 3. Bb5 a6 4. Ba4 Nf6 5. O-O Be7 6. d3 d6 7. c3 O-O 8. Re1
Re8 9. h3 Bf8 10. Bg5 h6 11. Bh4 b5 12. Bb3 g6 13. Nbd2 Bg7 14. a4 Bb7 15. Nf1
Qd7 16. Ne3 Na5 17. Bc2 c5 18. Nh2 h5 19. Rf1 d5 20. Bxf6 Bxf6 21. Qf3 Bg7 22.
Nxd5 Bxd5 23. exd5 b4 24. Rfe1 Rad8 25. c4 b3 26. Bd1 f5 27. Qe2 e4 28. Qd2 Qc7
29. Be2 e3 30. fxe3 Rxe3 31. Nf1 Re5 32. Bf3 Nb7 33. Rxe5 Qxe5 34. Ra3 Qxb2 35.
Qxb2 Bxb2 36. Rxb3 Bd4+ 37. Kh1 Nd6 38. a5 Re8 39. g3 Re1 40. Kg2 Ra1 41. Rb6
Ra2+ 42. Kh1 Be5 43. Rxa6 g5 44. Bxh5 Ra1 45. Kg2 Ra2+ 46. Kh1 Ra1 47. Be2 Re1
48. Ra8+ Kg7 49. a6 Rxe2 50. a7 Ra2 51. Re8 Nxe8 0-1

[Event "World Blitz 2025"]
[Site "Doha QAT"]
[Date "2025.12.30"]
[Round "15.91"]
[White "Kevlishvili, Robby"]
[Black "Halkias, Stelios"]
[Result "1-0"]
[WhiteTitle "GM"]
[BlackTitle "GM"]
[WhiteElo "2527"]
[BlackElo "2503"]
[WhiteFideId "1040634"]
[BlackFideId "4201809"]
[EventDate "2025.12.29"]

1. e4 e5 2. Nf3 Nc6 3. Bb5 a6 4. Ba4 Nf6 5. d3 d6 6. c3 Bd7 7. O-O g6 8. Re1 Bg7
9. h3 O-O 10. d4 Qe7 11. Bc2 h6 12. Nbd2 Nh7 13. Nf1 f5 14. dxe5 dxe5 15. Ne3 f4
16. Nd5 Qd8 17. b4 Kh8 18. Bb2 g5 19. Nh2 Be6 20. a3 Ne7 21. c4 c6 22. Nxe7 Qxe7
23. Qe2 Bf7 24. c5 h5 25. Rad1 Rad8 26. Rxd8 Rxd8 27. Rd1 Nf8 28. Rxd8 Qxd8 29.
Nf3 Ng6 30. Nd2 Nh4 31. Bc3 Qd7 32. Nc4 f3 33. Qd3 Qxd3 34. Bxd3 Bxc4 35. Bxc4
fxg2 36. Bf7 g4 37. hxg4 hxg4 38. Be6 Ng6 39. Bxg4 Nf4 40. Bd2 Bf8 41. Bc8 a5
42. Bxb7 axb4 43. axb4 Ne2+ 44. Kxg2 Nd4 45. Bc3 Bh6 46. Bxd4 exd4 47. Bxc6 Bd2
48. b5 Bb4 49. b6 Bxc5 50. b7 Bd6 51. Kf3 Kg7 52. Kg4 d3 53. f4 d2 54. Ba4 Bb8
55. e5 Kf7 56. Kf5 Ke7 57. Ke4 Ba7 58. f5 Kf7 59. Bb3+ Ke7 60. f6+ 1-0

[Event "World Blitz 2025"]
[Site "Doha QAT"]
[Date "2025.12.30"]
[Round "15.92"]
[White "Vakhidov, Jakhongir"]
[Black "Kobalia, Mikhail"]
[Result "1-0"]
[WhiteTitle "GM"]
[BlackTitle "GM"]
[WhiteElo "2516"]
[BlackElo "2537"]
[WhiteFideId "14201801"]
[BlackFideId "4119150"]
[EventDate "2025.12.29"]

1. c4 c6 2. d4 d5 3. Nc3 Nf6 4. cxd5 cxd5 5. Bf4 e6 6. e3 Bd6 7. Bxd6 Qxd6 8.
Bd3 Nc6 9. f4 O-O 10. Nf3 Bd7 11. O-O Rfc8 12. Ne5 Nb4 13. Bb1 Be8 14. Rf3 g6
15. a3 Nc6 16. Bd3 Na5 17. Rc1 Nc4 18. Qe2 b5 19. g4 b4 20. axb4 Qxb4 21. Bxc4
dxc4 22. f5 exf5 23. gxf5 Qe7 24. Rcf1 Bc6 25. fxg6 Bxf3 26. gxf7+ Qxf7 27. Qxf3
Qg7+ 28. Kh1 Kh8 29. Rg1 Qe7 30. Nd5 1-0

[Event "World Blitz 2025"]
[Site "Doha QAT"]
[Date "2025.12.30"]
[Round "15.93"]
[White "Orozbaev, Eldiyar"]
[Black "Zhang, Zhong"]
[Result "1-0"]
[WhiteTitle "IM"]
[BlackTitle "GM"]
[WhiteElo "2348"]
[BlackElo "2561"]
[WhiteFideId "13802240"]
[BlackFideId "8600694"]
[EventDate "2025.12.29"]

1. e4 c6 2. d4 d5 3. e5 Bf5 4. h4 h5 5. Bd3 Bxd3 6. Qxd3 Qa5+ 7. b4 Qa6 8. Qb3
e6 9. Nd2 Nh6 10. Ne2 Nf5 11. Bb2 Nd7 12. a4 Qb6 13. Bc3 Qc7 14. Ng3 g6 15. Nf3
Bh6 16. Bd2 Bxd2+ 17. Kxd2 a5 18. c3 b6 19. Nxf5 gxf5 20. Ng5 c5 21. bxc5 bxc5
22. Rab1 Rb8 23. Qc2 Nb6 24. Rb3 Ke7 25. Rhb1 Rhc8 26. dxc5 Nc4+ 27. Ke2 Qxe5+
28. Kf1 Rxb3 29. Rxb3 Rxc5 30. Nf3 Qe4 31. Rb7+ Ke8 32. Qc1 Nd6 33. Rb6 Kd7 34.
Qh6 Rxc3 35. Kg1 Rc6 36. Rb8 Rc8 37. Rb6 Rc6 38. Rb8 Rc8 39. Rb2 d4 40. Rd2 Rc4
41. Rd1 Kc7 42. Qf8 d3 43. Qe7+ Kc6 44. Rxd3 Rc1+ 45. Kh2 Nc4 46. Qd7+ Kc5 47.
Rd4 Qc6 48. Qe7+ Kb6 49. Ne5 Nxe5 50. Rd6 Qxd6 51. Qxd6+ Nc6 52. Qf8 Rc4 53. g3
Rxa4 54. Qxf7 Nd4 55. Qxh5 Ra2 56. Kg2 a4 57. Qh8 Kc5 58. h5 a3 59. h6 Rd2 60.
Qc8+ Nc6 61. h7 Kd5 1-0

[Event "World Blitz 2025"]
[Site "Doha QAT"]
[Date "2025.12.30"]
[Round "15.94"]
[White "Davtyan, Artur"]
[Black "Peyrer, Konstantin"]
[Result "0-1"]
[WhiteTitle "IM"]
[BlackTitle "IM"]
[WhiteElo "2474"]
[BlackElo "2496"]
[WhiteFideId "13308327"]
[BlackFideId "1640879"]
[EventDate "2025.12.29"]

1. e4 c5 2. Nc3 Nc6 3. Bb5 Nd4 4. Bc4 g6 5. Nge2 Bg7 6. O-O e6 7. d3 Ne7 8. a3
O-O 9. Ba2 b6 10. Nxd4 cxd4 11. Ne2 Bb7 12. Ng3 f5 13. exf5 Nxf5 14. Ne4 h6 15.
Qg4 Qe8 16. Bd2 g5 17. Rae1 Qg6 18. Bb3 Rae8 19. Re2 Rf7 20. Ng3 Ref8 21. Bb4
Nh4 22. Bxf8 Rf4 23. Qh5 Qxh5 24. Nxh5 Rg4 25. f3 Bxf3 26. Bxg7 Bxe2 27. Nf6+ 0-1

[Event "World Blitz 2025"]
[Site "Doha QAT"]
[Date "2025.12.30"]
[Round "15.95"]
[White "Akobian, Varuzhan"]
[Black "Gaehwiler, Gabriel"]
[Result "0-1"]
[WhiteTitle "GM"]
[BlackTitle "IM"]
[WhiteElo "2549"]
[BlackElo "2382"]
[WhiteFideId "13300580"]
[BlackFideId "1314530"]
[EventDate "2025.12.29"]

1. d4 Nf6 2. Nf3 g6 3. c4 Bg7 4. Nc3 O-O 5. Bg5 d6 6. e3 c5 7. d5 Qb6 8. Rb1 Re8
9. h3 Bf5 10. Bd3 Bxd3 11. Qxd3 e6 12. dxe6 Rxe6 13. O-O Nbd7 14. Rfd1 Rae8 15.
a3 Qc6 16. b4 Nb6 17. b5 Qc8 18. a4 Ne4 19. Nxe4 Rxe4 20. Nd2 R4e6 21. a5 Nd7
22. Nf3 Qc7 23. Qd2 Nf6 24. Bxf6 Bxf6 25. a6 b6 26. Rb3 Re4 27. Qc2 Qe7 28. Rbd3
Re6 29. Rd5 Bg7 30. Qd3 Bf8 31. Ng5 Rf6 32. Rd2 h6 33. Nf3 Re6 34. g3 Qf6 35.
Kg2 Re4 36. h4 Qe6 37. Rd1 Qf6 38. Nd2 R4e6 39. Qe2 Qb2 40. Qd3 Qf6 41. Nf3 Qb2
42. Rd2 Qf6 43. h5 g5 44. Nh2 Re4 45. Nf3 Qe6 46. Rd1 Be7 47. Nd2 Re5 48. Rxe5
Qxe5 49. Nf3 Qe6 50. Qd5 Bf8 51. Nh2 Qe4+ 52. Kg1 0-1

[Event "World Blitz 2025"]
[Site "Doha QAT"]
[Date "2025.12.30"]
[Round "15.96"]
[White "Nguyen, Ngoc Truong Son"]
[Black "Droin, Augustin"]
[Result "0-1"]
[WhiteTitle "GM"]
[BlackTitle "IM"]
[WhiteElo "2600"]
[BlackElo "2480"]
[WhiteFideId "12401110"]
[BlackFideId "45105987"]
[EventDate "2025.12.29"]

1. e4 c5 2. c3 d6 3. d4 Nf6 4. Bd3 Nc6 5. Nf3 Bg4 6. d5 Bxf3 7. Qxf3 Ne5 8. Bb5+
Nfd7 9. Qe2 a6 10. Ba4 b5 11. Bc2 g6 12. a4 Rb8 13. axb5 axb5 14. b3 c4 15. b4
Nf6 16. f4 Ned7 17. Nd2 Bg7 18. O-O O-O 19. Nf3 Ne8 20. Qe3 e6 21. Nd4 exd5 22.
Nc6 Qf6 23. Nxb8 Nxb8 24. exd5 Qxc3 25. Qxc3 Bxc3 26. Ra5 Nc7 27. Be3 Nxd5 28.
Bf2 Nc7 29. Bb6 Nd5 30. Bf2 Nxb4 31. Bb1 N8c6 32. Rxb5 Ra8 33. Be4 Re8 34. Bf3
Nd4 35. Bxd4 Bxd4+ 36. Kh1 Nd3 37. g3 Bc5 38. Rbb1 c3 39. Rb3 Re3 40. Bd1 Ne1
41. Rxc3 Rxc3 42. Rxe1 Rc1 43. Kg2 Kf8 44. Rf1 Bb4 45. Bf3 Rc2+ 46. Rf2 Rc3 47.
Ra2 Bc5 48. Rb2 Rd3 49. Be4 Rd4 50. Bf3 h5 51. f5 Kg7 52. fxg6 fxg6 53. Re2 Kf6
54. h4 Rd3 55. Re4 Bd4 56. Rf4+ Kg7 57. Be4 Rd2+ 58. Kh3 Bg1 59. Bg2 Bd4 60. g4
Be5 61. Rf3 hxg4+ 0-1

[Event "World Blitz 2025"]
[Site "Doha QAT"]
[Date "2025.12.30"]
[Round "15.69"]
[White "Dlugy, Maxim"]
[Black "Ohanyan, Emin"]
[Result "1/2-1/2"]
[WhiteTitle "GM"]
[BlackTitle "GM"]
[WhiteElo "2502"]
[BlackElo "2493"]
[WhiteFideId "2000075"]
[BlackFideId "13312022"]
[EventDate "2025.12.29"]

1. d4 d5 2. Bf4 c5 3. Nc3 Nf6 4. e4 Nxe4 5. Nxe4 dxe4 6. dxc5 Qxd1+ 7. Rxd1 Bd7
8. Bc4 f6 9. Ne2 e5 10. Be3 Na6 11. Bxa6 bxa6 12. b4 a5 13. c3 Be7 14. Ng3 f5
15. Rxd7 Kxd7 16. Nxf5 axb4 17. cxb4 Rhb8 18. O-O Rxb4 19. c6+ Ke6 20. Nxe7 Rc4
21. Rd1 Kxe7 22. Rd7+ Kf6 23. Rd6+ Kf5 24. h3 h5 25. Rd7 g6 26. Rc7 a5 27. Bb6
Ra6 28. Be3 Raxc6 29. Ra7 a4 30. Ra5 Rd6 31. Kh2 g5 32. Ra8 h4 33. Rg8 Rg6 34.
Rf8+ Ke6 35. Ra8 Kd5 36. Ra5+ Ke6 37. Ra6+ Kf7 38. Ra7+ Kg8 39. Ra8+ Kh7 40.
Ra7+ Kh6 41. Ra5 Re6 42. Ra8 Kh5 43. Rh8+ Rh6 44. Re8 Rc2 45. Rxe5 Rg6 46. a3
Rc3 47. Bc5 Rg7 48. Be7 Rc2 49. Kg1 Kh6 50. Rxe4 Rf7 51. Re6+ Kh5 52. Re5 Rfxf2
53. Rxg5+ Kh6 54. Rg4 Rfe2 55. Rxh4+ Kg6 56. Rg4+ Kf5 57. Bb4 Ra2 58. Rg8 Kf4
59. Kh2 Rec2 60. h4 Ra1 61. Bd6+ Kf5 62. Rg5+ Ke6 63. Bb4 Rcc1 64. Kg3 Rh1 65.
Ra5 Rad1 66. h5 Rd4 67. Ra6+ Kf5 68. Rxa4 Rd3+ 69. Kf2 Rxh5 70. Ra5+ Kg4 71.
Rxh5 Kxh5 72. Ke2 1/2-1/2

[Event "World Blitz 2025"]
[Site "Doha QAT"]
[Date "2025.12.30"]
[Round "15.70"]
[White "Altini, Nicola"]
[Black "Yilmaz, Mustafa"]
[Result "0-1"]
[WhiteTitle "IM"]
[BlackTitle "GM"]
[WhiteElo "2360"]
[BlackElo "2595"]
[WhiteFideId "833924"]
[BlackFideId "6302718"]
[EventDate "2025.12.29"]

1. d4 Nf6 2. c4 e6 3. Nc3 Bb4 4. e3 O-O 5. Bd2 b6 6. Nf3 d5 7. cxd5 exd5 8. Rc1
Bb7 9. Bd3 Be7 10. O-O c5 11. Ne5 Nc6 12. Ne2 Nxe5 13. dxe5 Ne4 14. Bxe4 dxe4
15. Bc3 Ba6 16. Re1 Qxd1 17. Rcxd1 Rfd8 18. Ng3 Bd3 19. f3 exf3 20. gxf3 a5 21.
e4 g6 22. f4 a4 23. f5 Bc4 24. a3 Bb3 25. Rc1 Bg5 26. Ra1 Rd3 27. e6 fxe6 28.
fxe6 Bxe6 29. Rad1 Rad8 30. Rxd3 Rxd3 31. Kf2 Bd2 32. Bxd2 Rxd2+ 33. Re2 Rxe2+
34. Nxe2 Kf7 35. Nc3 Bb3 36. Ke3 g5 37. Ne2 h5 38. h4 gxh4 39. Kf4 Kf6 40. Ng1
Be6 41. e5+ Kg6 42. Nf3 h3 43. Nh4+ Kf7 44. Nf3 Bg4 45. Ng5+ Kg6 46. e6 h2 47.
e7 Bd7 0-1

[Event "World Blitz 2025"]
[Site "Doha QAT"]
[Date "2025.12.30"]
[Round "15.71"]
[White "Lodici, Lorenzo"]
[Black "Bilguun, Sumiya"]
[Result "1-0"]
[WhiteTitle "GM"]
[BlackTitle "GM"]
[WhiteElo "2590"]
[BlackElo "2442"]
[WhiteFideId "884189"]
[BlackFideId "4901541"]
[EventDate "2025.12.29"]

1. e4 c5 2. Nf3 e6 3. Nc3 a6 4. g3 b5 5. Bg2 Bb7 6. O-O d6 7. d4 cxd4 8. Nxd4
Nc6 9. Re1 Be7 10. e5 d5 11. Nxc6 Bxc6 12. Ne2 h5 13. Nd4 Bb7 14. a4 b4 15. h4
g6 16. c4 bxc3 17. bxc3 Rc8 18. a5 Nh6 19. Qd3 Qd7 20. Bxh6 Rxh6 21. Reb1 Kf8
22. Rb3 Kg7 23. Rab1 Rc7 24. Bf1 Rh8 25. Qe3 Bc8 26. Qd3 Bc5 27. Rb8 Bb7 28.
Rxh8 Kxh8 29. Qf3 Bf8 30. Bd3 Bg7 31. Qe2 Rxc3 32. Nf3 Ra3 33. Ng5 Kg8 34. Bxa6
Bxa6 35. Qxa6 Bxe5 36. Rb7 Bc7 37. Qa7 Rc3 38. a6 d4 39. Ne4 Rc1+ 40. Kh2 Kg7
41. Qb6 Bxb6 42. Rxd7 Ra1 43. Nd6 Rxa6 44. Nxf7 Kf6 45. Ng5 Ra2 46. Kg2 d3 47.
Ne4+ Ke5 48. Kf3 Ra3 49. Nd2 Kf6 50. Nc4 Rb3 51. Rb7 d2+ 52. Ke2 Rd3 53. Nxd2
Rxd2+ 54. Kxd2 Bxf2 55. Rb3 Kf5 56. Rf3+ Kg4 57. Rxf2 Kxg3 58. Rf6 Kxh4 59. Rxg6
Kh3 60. Rxe6 h4 61. Ke2 Kh2 62. Kf2 h3 63. Re2 Kh1 64. Kg3 1-0

[Event "World Blitz 2025"]
[Site "Doha QAT"]
[Date "2025.12.30"]
[Round "15.72"]
[White "Smirnov, Mark"]
[Black "Saraci, Nderim"]
[Result "1-0"]
[WhiteTitle "FM"]
[BlackTitle "IM"]
[WhiteElo "2420"]
[BlackElo "2461"]
[WhiteFideId "13764594"]
[BlackFideId "6351921"]
[EventDate "2025.12.29"]

1. Nf3 d5 2. e3 c5 3. b3 a6 4. Bb2 Nc6 5. d4 Bg4 6. dxc5 Qa5+ 7. Nbd2 Nf6 8. a3
Qxc5 9. b4 Qd6 10. c4 Rd8 11. Qc2 e6 12. cxd5 exd5 13. b5 axb5 14. Bxb5 Bd7 15.
O-O Be7 16. a4 h6 17. Ba3 Qe6 18. Bxc6 Bxc6 19. Nd4 Qd7 20. Bxe7 Kxe7 21. Qc5+
Ke8 22. a5 Qe7 23. Qb6 Nd7 24. Nxc6 bxc6 25. Qxc6 Kf8 26. a6 Ne5 27. Qb6 g5 28.
Nb3 Kg7 29. Nd4 Kh7 30. a7 Ra8 31. Rfb1 Rhc8 32. Qxh6+ Kxh6 33. Nf5+ Kh7 34.
Nxe7 Rc7 35. Nxd5 Rcxa7 36. Rxa7 Rxa7 37. f3 Ra2 38. Rd1 g4 39. Nf6+ Kg6 40.
Nxg4 Nxg4 41. fxg4 Re2 42. Rd3 Kg5 43. h3 Kh4 44. Kh2 Kg5 45. Kg3 Ra2 46. Rd5+
Kg6 47. h4 Ra1 48. Rf5 Re1 49. h5+ Kg7 50. Kf4 Re2 51. g3 Rf2+ 52. Kg5 Rg2 53.
h6+ Kg8 54. Rf3 Rh2 55. e4 Re2 56. Kf5 Kh7 57. g5 Ra2 58. Kf6 Ra7 59. e5 Kg8 60.
e6 Ra6 61. h7+ 1-0

[Event "World Blitz 2025"]
[Site "Doha QAT"]
[Date "2025.12.30"]
[Round "15.73"]
[White "Ganguly, Surya Shekhar"]
[Black "Gokerkan, Cem Kaan"]
[Result "1-0"]
[WhiteTitle "GM"]
[BlackTitle "GM"]
[WhiteElo "2568"]
[BlackElo "2510"]
[WhiteFideId "5002150"]
[BlackFideId "6336760"]
[EventDate "2025.12.29"]

1. Nf3 d5 2. e3 Nf6 3. c4 e6 4. Nc3 c5 5. cxd5 exd5 6. d4 Nc6 7. Be2 Be7 8. dxc5
Bxc5 9. O-O O-O 10. b3 Bg4 11. Bb2 a6 12. h3 Bh5 13. Rc1 Ba7 14. Nh4 Bxe2 15.
Nxe2 Re8 16. Nf5 Bb8 17. Bxf6 Qxf6 18. Qxd5 Nb4 19. Qxb7 Nxa2 20. Rc2 Qxf5 21.
Rxa2 Ra7 22. Qc6 Qe5 23. Ng3 Re6 24. Rd1 g6 25. Qd5 Rd6 26. Qf3 Rad7 27. Raa1
Kg7 28. Rac1 h5 29. h4 Rd8 30. Rxd6 Rxd6 31. Rc6 Rxc6 32. Qxc6 Qa1+ 33. Kh2 Qa2
34. Qc3+ Kh7 35. Qf6 Qxb3 36. Qxa6 Qb4 37. Qf6 Qc4 38. f4 Bc7 39. Ne4 Qxe4 40.
Qxf7+ Kh6 41. Qf8+ Kh7 42. Qf7+ Kh6 43. Qxc7 Qxe3 44. Qe5 Qxe5 45. fxe5 Kg7 46.
Kg3 1-0

[Event "World Blitz 2025"]
[Site "Doha QAT"]
[Date "2025.12.30"]
[Round "15.74"]
[White "Petrov, Nikita"]
[Black "Krallis, Christos"]
[Result "1/2-1/2"]
[WhiteTitle "GM"]
[BlackTitle "IM"]
[WhiteElo "2578"]
[BlackElo "2416"]
[WhiteFideId "4101286"]
[BlackFideId "4298896"]
[EventDate "2025.12.29"]

1. d4 d5 2. Nf3 e6 3. e3 Nf6 4. Bd3 c5 5. b3 Nc6 6. Bb2 Bd6 7. dxc5 Bxc5 8. O-O
O-O 9. Nbd2 h6 10. a3 a6 11. b4 Ba7 12. c4 Re8 13. Rc1 Bd7 14. cxd5 exd5 15. Nb3
Bg4 16. Nc5 Qe7 17. h3 Bh5 18. Be2 Bb8 19. Nh4 Bxe2 20. Qxe2 d4 21. g3 Nd5 22.
Nf5 Qg5 23. Qg4 dxe3 24. Qxg5 hxg5 25. Nxg7 exf2+ 26. Kxf2 Re3 27. Nf5 Re8 28.
Nxb7 Ba7+ 29. Kf3 Ne5+ 30. Bxe5 Rxe5 31. Nbd6 Rd8 32. Rfe1 Re6 33. Nc4 Rde8 34.
Rxe6 fxe6 35. Nfd6 Rf8+ 36. Ke4 Rf2 37. Re1 Rg2 38. Kf3 Rf2+ 39. Kg4 Kg7 40. Ne4
Rc2 41. Ned6 Nf6+ 42. Kxg5 Bf2 43. Rxe6 Nh7+ 44. Kf4 Rc3 45. Ne4 Rxc4 46. Rxa6
Be1 47. Kf5 Rc7 48. g4 Rf7+ 49. Ke5 Bh4 50. b5 Re7+ 51. Kd5 Nf8 52. Nc5 Bf2 53.
Ne6+ Nxe6 54. Rxe6 Rd7+ 55. Kc6 Rd3 56. b6 Rc3+ 57. Kd7 Rb3 58. Kc7 Rc3+ 59. Rc6
Bg3+ 60. Kd7 Rxa3 61. b7 Rb3 62. Kc8 Bh2 63. h4 Rb4 64. Rc7+ Bxc7 65. Kxc7 Rc4+
66. Kd7 Rb4 67. Kc6 Kg6 68. Kc7 Rc4+ 69. Kd6 Rb4 70. Kc7 Rc4+ 71. Kb6 Rxg4 72.
b8=Q Rb4+ 73. Kc7 Rxb8 74. h5+ Kxh5 75. Kxb8 1/2-1/2

[Event "World Blitz 2025"]
[Site "Doha QAT"]
[Date "2025.12.30"]
[Round "15.75"]
[White "Haug, Havard"]
[Black "Balakrishnan, Praveen"]
[Result "1-0"]
[WhiteTitle "FM"]
[BlackTitle "GM"]
[WhiteElo "2416"]
[BlackElo "2507"]
[WhiteFideId "1547887"]
[BlackFideId "2064871"]
[EventDate "2025.12.29"]

1. d4 Nf6 2. Bg5 d5 3. e3 c5 4. Bxf6 gxf6 5. dxc5 e6 6. Nf3 Bxc5 7. Be2 Nc6 8.
O-O f5 9. c4 d4 10. b4 Bxb4 11. exd4 Qf6 12. a3 Bc5 13. Nc3 Nxd4 14. Na4 Nxe2+
15. Qxe2 Bd6 16. c5 Bc7 17. Qb5+ Kf8 18. c6 b6 19. Qb4+ Kg7 20. Nc3 Ba6 21. Nb5
Bxb5 22. Qxb5 a6 23. Qc4 Rhd8 24. Rad1 e5 25. Rd7 Rxd7 26. cxd7 Qd6 27. Rc1 Ra7
28. Qh4 Qxd7 29. Qg5+ Kf8 30. Qf6 Qe6 31. Qh8+ Ke7 32. Qxh7 Bd6 33. Nh4 f4 34.
Nf5+ Kf6 35. g4 fxg3 36. Nxg3 Rc7 37. Qh4+ Kg6 38. Qh5+ Kg7 39. Qg5+ Qg6 40. Qe3
Rxc1+ 41. Qxc1 Bc5 42. Qd1 e4 43. Kg2 e3 44. fxe3 Bxe3 45. Qd5 Bg5 46. Kf3 Qf6+
47. Nf5+ Kg6 48. Kg4 Qa1 49. Qd3 Qg1+ 50. Ng3+ Kh6 51. Qd6+ f6 52. Qf8+ Kh7 53.
Qf7+ Kh8 54. Kf5 Qb1+ 55. Ne4 Qd3 56. Qf8+ Kh7 57. Qf7+ Kh8 58. Qe8+ Kg7 59.
Qe7+ Kg8 60. Kg6 Bh6 61. Qf7+ 1-0

[Event "World Blitz 2025"]
[Site "Doha QAT"]
[Date "2025.12.30"]
[Round "15.76"]
[White "Iniyan, Pa"]
[Black "Chigaev, Maksim"]
[Result "1-0"]
[WhiteTitle "GM"]
[BlackTitle "GM"]
[WhiteElo "2598"]
[BlackElo "2626"]
[WhiteFideId "25002767"]
[BlackFideId "4108116"]
[EventDate "2025.12.29"]

1. d4 Nf6 2. c4 g6 3. Nf3 Bg7 4. g3 O-O 5. Bg2 d6 6. O-O c5 7. Nc3 Nc6 8. d5 Na5
9. Nd2 a6 10. a4 e6 11. Re1 Re8 12. e4 exd5 13. cxd5 Bg4 14. Qc2 Bd7 15. b3 b5
16. axb5 axb5 17. Bb2 b4 18. Ne2 Bb5 19. Nf4 Ng4 20. Bxg7 Kxg7 21. Ra2 Nb7 22.
Rea1 Rxa2 23. Rxa2 Qf6 24. Nc4 Bxc4 25. Qxc4 Nd8 26. Qb5 Rf8 27. h3 Ne5 28. Ra6
h5 29. Qb6 h4 30. Qxd6 Qxd6 31. Rxd6 hxg3 32. fxg3 c4 33. Rb6 c3 34. Rxb4 c2 35.
Ne2 f5 36. Rb5 Nd3 37. e5 c1=Q+ 38. Nxc1 Nxc1 39. d6 Ne6 40. Bd5 Nd4 41. Rb7+
Kh6 42. e6 Nxe6 43. Bxe6 Ne2+ 44. Kf2 Nd4 45. Bd5 1-0

[Event "World Blitz 2025"]
[Site "Doha QAT"]
[Date "2025.12.30"]
[Round "15.97"]
[White "Kadric, Denis"]
[Black "Gan-Erdene, Sugar"]
[Result "1-0"]
[WhiteTitle "GM"]
[BlackTitle "IM"]
[WhiteElo "2543"]
[BlackElo "2444"]
[WhiteFideId "14403803"]
[BlackFideId "4902980"]
[EventDate "2025.12.29"]

1. e4 c5 2. Nc3 Nc6 3. Nge2 Nf6 4. g3 g6 5. Bg2 Bg7 6. d3 O-O 7. f4 d6 8. O-O
Rb8 9. h3 Bd7 10. g4 b5 11. Ng3 Nd4 12. Nce2 Nxe2+ 13. Qxe2 Bc6 14. g5 Nd7 15.
h4 e6 16. h5 c4 17. Kh2 Qe7 18. Rb1 f6 19. hxg6 hxg6 20. Be3 a6 21. d4 fxg5 22.
fxg5 Bb7 23. Qg4 Rxf1 24. Rd1 Re1 25. Rxe1 Rc8 26. Rf1 Rf8 27. Rh1 d5 28. e5
Nxe5 29. dxe5 Bxe5 30. Kg1 d4 31. Bxd4 Rf4 32. Qxf4 Bxf4 33. Rh8+ Kf7 34. Rh7+
Ke8 35. Rxe7+ Kxe7 36. Bxb7 Bxg3 37. Bxa6 Kd6 38. Bxb5 Kd5 39. Bf6 1-0